000
00274nam a22001217a 4500
020
_a
9789380836188
082
_a
070.4
100
_a
Suraj Singh
245
_a
Journalism in the new millennium
260
_a
New Delhi
_b
Centrum press
_c
2010.
300
_a
303p
942
_c
BK
999
_c
2739
_d
2739